000 00927nam0a22002411 4500
001 rc\2775016
005 20250806204700.0
035 _a(NLR Aleph) 006901318
090 _a29572
_c29572
100 _a20110915d1941 u y0rusy50 ca
101 0 _arus
102 _aRU
105 _ay z |||||
200 1 _aВременная инструкция по тушению зажигательных авиабомб и пожаров от них в населенных пунктах
_fГлав. упр. местной противовоздушной обороны НКВД СССР
210 _aУлан-Удэ
_cБурят-Монгольск. гос. изд-во
_d1941
215 _a27, [4] с.
_d14 см.
801 0 _aRU
_bNLR
_gpsbo
801 1 _aRU
_bELAR
_2rusmarc
852 _aNLR
_jВ80 Г-2/22
942 _cBOOK
945 _aРоссийская национальная библиотека
980 _aNB
980 _aBV